日本“五畿七道”令制国地图 Map of "Gokishichidō" Provinces of Japan - Statistics

General Stats
  • This quiz has been taken 133 times
  • The average score is 45 of 73
Answers on the Map
Answers color-coded by a green-red scale on the quiz's map according to % correct below.
 
Answer Stats
位置 国名 国力 距离 % Correct
北陆道 越前国 大国 中国
85%
北陆道 越后国 上国 远国
85%
东山道 陆奥国 (合)大国 (合)远国
82%
北陆道 越中国 上国 中国
81%
西海道 萨摩国 中国 远国
80%
东海道 伊势国 大国 近国
79%
南海道 土佐国 中国 远国
79%
近畿 大和国 大国 畿内
78%
东山道 信浓国 上国 中国
76%
西海道 肥前国 上国 远国
76%
东海道 武藏国 大国 远国
75%
东山道 近江国 大国 近国
75%
东山道 美浓国 上国 近国
75%
东海道 甲斐国 上国 中国
74%
西海道 肥后国 大国 远国
74%
北陆道 加贺国 上国 中国
73%
山阴道 出云国 上国 中国
72%
山阳道 长门国 中国 远国
72%
东海道 尾张国 上国 近国
71%
东海道 三河国 上国 近国
71%
东海道 伊豆国 下国 中国
71%
东海道 远江国 上国 中国
69%
北陆道 能登国 中国 中国
69%
东海道 上总国 大国 远国
67%
东海道 下总国 大国 远国
66%
南海道 淡路国 下国 近国
66%
西海道 筑前国 上国 远国
66%
西海道 筑后国 上国 远国
66%
西海道 日向国 中国 远国
66%
北陆道 佐渡国 中国 远国
65%
山阳道 播磨国 大国 近国
65%
近畿 山城国 上国 畿内
64%
山阳道 备前国 上国 近国
64%
山阳道 备中国 上国 中国
64%
山阳道 备后国 上国 中国
64%
南海道 纪伊国 上国 近国
64%
东海道 骏河国 上国 中国
63%
东山道 上野国 大国 远国
63%
西海道 对马国 下国 远国
63%
近畿 摄津国 上国 畿内
62%
东山道 下野国 大国 远国
62%
东山道 飞驒国 下国 中国
60%
山阳道 周防国 上国 远国
60%
山阴道 丹波国 上国 近国
58%
近畿 和泉国 下国 畿内
57%
山阳道 安艺国 上国 远国
57%
南海道 阿波国 上国 中国
57%
东海道 伊贺国 下国 近国
56%
东海道 相模国 上国 远国
56%
东海道 安房国 中国 远国
56%
东山道 羽前国 (合)上国 (合)远国
56%
西海道 丰前国 上国 远国
56%
西海道 丰后国 上国 远国
56%
东海道 常陆国 大国 远国
54%
山阴道 丹后国 中国 近国
54%
山阴道 隐岐国 下国 远国
54%
西海道 大隅国 中国 远国
54%
近畿 河内国 大国 畿内
53%
北陆道 若狭国 中国 近国
53%
南海道 伊予国 上国 远国
53%
东山道 羽后国 (合)上国 (合)远国
52%
山阳道 美作国 上国 近国
51%
南海道 赞岐国 上国 中国
51%
山阴道 石见国 中国 远国
47%
东山道 陆前国 (合)大国 (合)远国
46%
东海道 志摩国 下国 近国
45%
西海道 壹岐国 下国 远国
45%
东山道 陆中国 (合)大国 (合)远国
44%
山阴道 但马国 上国 近国
44%
山阴道 因幡国 上国 近国
40%
东山道 磐城国 (合)大国 (合)远国
39%
山阴道 伯耆国 上国 中国
37%
东山道 岩代国 (合)大国 (合)远国
29%
No matching quizzes found
Score Distribution
Percent of People with Each Score
Percentile by Number Answered
Your Score History
You have not taken this quiz